[Event "NM for klubblag 2019"]
[Site "Scandic Ambassadeur, Drammen"]
[Date "2019.05.30"]
[Round "5"]
[White "Flo, Steinar"]
[Black "Johansen, KolbjÃ¸rn-Albin"]
[Result "1/2-1/2"]
[WhiteElo "1563"]
[BlackElo "1688"]
[PlyCount "87"]
[EventDate "2019.??.??"]

1. d4 e6 2. Bf4 d5 3. Nf3 Bd6 4. Bxd6 Qxd6 5. e3 Nf6 6. c3 O-O 7. Bd3 b6 8. O-O
Ba6 9. Bxa6 Nxa6 10. Qc2 Nb8 11. Nbd2 Nbd7 12. e4 dxe4 13. Nxe4 Nxe4 14. Qxe4
Nf6 15. Qc2 c5 16. Rad1 c4 17. Rfe1 b5 18. a3 a5 19. Ne5 Nd5 20. g3 Rfc8 21.
Qe2 Qc7 22. Ng4 Rd8 23. Ne3 g6 24. h4 h5 25. Nxd5 Rxd5 26. Qf3 Rad8 27. Re4 Rf5
28. Qe3 Kg7 29. Re1 Rdd5 30. Kg2 Rd8 31. f3 Rfd5 32. Re5 Rxe5 33. Qxe5+ Qxe5
34. Rxe5 Rd5 35. f4 Kf6 36. Kf3 Rxe5 37. fxe5+ Kf5 38. Ke3 g5 39. Kf3 a4 40.
hxg5 Kxg5 41. Kg2 Kg4 42. Kf2 Kg5 43. Kf3 Kf5 44. Kf2 1/2-1/2

[Event "NM for klubblag 2019"]
[Site "Scandic Ambassadeur, Drammen"]
[Date "2019.05.30"]
[Round "5"]
[White "Sandum, HÃ¥vard"]
[Black "Gaarder, Hans K."]
[Result "0-1"]
[WhiteElo "1542"]
[BlackElo "1585"]
[PlyCount "90"]
[EventDate "2019.??.??"]

1. d4 e6 2. Bf4 d5 3. c3 Bd6 4. Bg3 Ne7 5. e3 O-O 6. Bd3 Nd7 7. Nf3 Nf6 8. Nbd2
Re8 9. Qe2 Ng6 10. Ne5 c5 11. f4 Qb6 12. Rb1 Bd7 13. O-O Rac8 14. Ndf3 cxd4 15.
exd4 a6 16. Kh1 Qc7 17. Ng5 Rf8 18. Nh3 Ne7 19. Rbd1 Nf5 20. Qf3 Ba4 21. Rde1
Bc6 22. Nf2 Qb6 23. Re2 Qa5 24. a3 Bb5 25. Rfe1 Bxd3 26. Qxd3 Nh5 27. Qf3 Nf6
28. Kg1 Rc7 29. Qd3 Rfc8 30. Qf3 Bxa3 31. Ra1 Nxd4 32. Qe3 Nxe2+ 33. Qxe2 Qb6
34. Rxa3 d4 35. Ned3 dxc3 36. Rxc3 Rxc3 37. bxc3 Rxc3 38. h3 Qc6 39. Kh2 a5 40.
Qe5 b5 41. Qb8+ Qe8 42. Qb6 a4 43. Qa5 Rc8 44. Nb4 Ra8 45. Qb6 a3 0-1

[Event "NM for klubblag 2019"]
[Site "Scandic Ambassadeur, Drammen"]
[Date "2019.05.30"]
[Round "5"]
[White "Aure, Anders Nilsson"]
[Black "Oommen, John Samuel"]
[Result "1-0"]
[WhiteElo "1783"]
[BlackElo "1392"]
[PlyCount "79"]
[EventDate "2019.??.??"]

1. c4 e5 2. Nc3 Nf6 3. g3 Bb4 4. Bg2 c6 5. Nf3 d6 6. O-O O-O 7. d3 h6 8. Bd2
Ba5 9. Rb1 Be6 10. b4 Bc7 11. Qc2 Nbd7 12. Rfc1 a6 13. a4 d5 14. cxd5 cxd5 15.
b5 Rc8 16. Qb2 Qe7 17. Rc2 d4 18. Na2 Bd6 19. Rxc8 Rxc8 20. bxa6 bxa6 21. Rc1
Rb8 22. Qa1 Nc5 23. Rc2 Bb3 24. Rb2 Nxa4 25. Rb1 Bxa2 26. Rxb8+ Bxb8 27. Qxa2
Qd7 28. Qc4 Qb5 29. Qc8+ Ne8 30. Nxe5 Qxe5 31. Bc6 Nb6 32. Qxe8+ Qxe8 33. Bxe8
Kf8 34. Bc6 Bc7 35. Bb7 a5 36. Bxa5 Na8 37. Bxa8 Bxa5 38. Bd5 Be1 39. Be4 Bxf2+
40. Kxf2 1-0

[Event "NM for klubblag 2019"]
[Site "Scandic Ambassadeur, Drammen"]
[Date "2019.05.30"]
[Round "5"]
[White "Hansen, Tor Magnus"]
[Black "Marthinussen, Emma Viktoria L"]
[Result "1-0"]
[WhiteElo "1535"]
[BlackElo "1469"]
[PlyCount "41"]
[EventDate "2019.??.??"]

1. b3 e5 2. Bb2 Nc6 3. e3 d5 4. Bb5 Bd6 5. f4 Qe7 6. Nf3 Bg4 7. h3 Bxf3 8. Qxf3
e4 9. Qg4 f6 10. Nc3 d4 11. exd4 a6 12. Bxc6+ bxc6 13. O-O-O Nh6 14. Qh5+ Nf7
15. Nxe4 Bxf4 16. Rde1 Kf8 17. Nc5 Qd6 18. Ne6+ Kg8 19. Rhf1 g6 20. Qf3 Ng5 21.
Qxf4 1-0

[Event "NM for klubblag 2019"]
[Site "Scandic Ambassadeur, Drammen"]
[Date "2019.05.30"]
[Round "5"]
[White "Selmer, Thorgrim J"]
[Black "Rosendahl, Guttorm"]
[Result "1-0"]
[WhiteElo "1603"]
[BlackElo "1431"]
[PlyCount "57"]
[EventDate "2019.??.??"]

1. c4 c5 2. Nf3 Nc6 3. Nc3 Nf6 4. d3 d6 5. Bg5 Bg4 6. e3 e6 7. Be2 h6 8. Bh4
Be7 9. O-O O-O 10. a3 Qd7 11. Nd2 Bxe2 12. Qxe2 d5 13. cxd5 Nxd5 14. Bg3 Nxc3
15. bxc3 Rfd8 16. d4 cxd4 17. cxd4 Bd6 18. Bh4 Be7 19. Bg3 Bd6 20. Bxd6 Qxd6
21. Ne4 Qe7 22. Qb5 e5 23. d5 Nb8 24. Rfd1 Qd7 25. Qb2 Nc6 26. Nc5 Qe7 27. Nxb7
Rab8 28. dxc6 Rxd1+ 29. Rxd1 1-0

[Event "NM for klubblag 2019"]
[Site "Scandic Ambassadeur, Drammen"]
[Date "2019.05.30"]
[Round "5"]
[White "EkornÃ¥svÃ¥g, Harald"]
[Black "Kierulf, Villum Brevick"]
[Result "1/2-1/2"]
[WhiteElo "1206"]
[BlackElo "1400"]
[PlyCount "84"]
[EventDate "2019.??.??"]

1. d4 Nf6 2. c4 g6 3. Nc3 Bg7 4. Bg5 O-O 5. e4 d6 6. f4 Bg4 7. Be2 Bxe2 8.
Ngxe2 h6 9. Bh4 Qd7 10. e5 dxe5 11. dxe5 Qxd1+ 12. Rxd1 Ng4 13. Bxe7 Ne3 14.
Bxf8 Nxd1 15. Bxg7 Nxc3 16. Nxc3 Kxg7 17. Nd5 Na6 18. O-O c6 19. Nc3 Rd8 20.
Rd1 Rxd1+ 21. Nxd1 g5 22. f5 Nb4 23. Nc3 Nd3 24. b3 Nxe5 25. Ne4 Nd7 26. a3 b6
27. Nd6 a5 28. Nc8 b5 29. Na7 bxc4 30. bxc4 c5 31. Nc8 Ne5 32. Nd6 Kf6 33. a4
Ke7 34. Nb7 Nxc4 35. Nxc5 Kd6 36. Nb3 Nb6 37. Nxa5 Nxa4 38. Nc4+ Kd5 39. Ne3+
Ke4 40. Ng4 Kxf5 41. Nxh6+ Kg6 42. Ng4 f6 1/2-1/2

[Event "NM for klubblag 2019"]
[Site "Scandic Ambassadeur, Drammen"]
[Date "2019.05.30"]
[Round "5"]
[White "Bruaset, Eivind"]
[Black "Lund, Terje"]
[Result "0-1"]
[WhiteElo "2076"]
[BlackElo "2055"]
[PlyCount "130"]
[EventDate "2019.??.??"]

1. e4 c6 2. d4 d5 3. exd5 cxd5 4. c4 Nf6 5. Nc3 e6 6. c5 Be7 7. Nf3 O-O 8. Qc2
Nc6 9. Bb5 Qc7 10. O-O Bd7 11. Bxc6 bxc6 12. Bd2 Rfb8 13. Rfb1 Be8 14. Qc1 Rb7
15. b4 Ne4 16. Nxe4 dxe4 17. Ne5 Rd8 18. Qc3 f6 19. Nc4 Rd5 20. Re1 Bg6 21. Be3
Qd7 22. Red1 e5 23. Rd2 exd4 24. Bxd4 Qe6 25. a4 Rbd7 26. Ne3 Rh5 27. Rad1 Bf7
28. b5 f5 29. Be5 Rxd2 30. Rxd2 f4 31. Bxf4 Rxc5 32. Rd8+ Bxd8 33. Qxc5 cxb5
34. axb5 Bb6 35. Qc6 h6 36. Qc3 Qb3 37. Qc8+ Kh7 38. Qf8 Bxe3 39. fxe3 g5 40.
Qe7 Qd1+ 41. Kf2 Qd2+ 42. Kf1 Qc1+ 43. Kf2 Qc2+ 44. Kg3 gxf4+ 45. Kxf4 Qf2+ 46.
Ke5 Qb2+ 47. Kf4 Kg8 48. Qxa7 Qxb5 49. Qa8+ Kg7 50. Qa1+ Kg6 51. h4 Qf5+ 52.
Kg3 Be6 53. Kh2 Qf2 54. Qe5 Qxh4+ 55. Kg1 Qg4 56. Qb8 Qg5 57. Qe8+ Kf5 58. Qb5+
Kg4 59. Qe2+ Kh4 60. Kh1 Qg3 61. Qb2 Qxe3 62. Qf6+ Kg3 63. Qg6+ Bg4 64. Qd6+
Qf4 65. Qa6 Qe3 
0-1

[Event "NM for klubblag 2019"]
[Site "Scandic Ambassadeur, Drammen"]
[Date "2019.05.30"]
[Round "5"]
[White "Stokhaug, Jon Arne"]
[Black "Juriloo, Karl"]
[Result "0-1"]
[WhiteElo "1833"]
[BlackElo "1978"]
[PlyCount "136"]
[EventDate "2019.??.??"]

1. Nf3 d5 2. d4 Nf6 3. c4 e6 4. e3 Be7 5. Nc3 a6 6. b3 O-O 7. Bd3 c5 8. dxc5
dxc4 9. bxc4 Nbd7 10. Qc2 Nxc5 11. Be2 Qc7 12. O-O Bd7 13. Bb2 Rfc8 14. Rac1
Rab8 15. Nd4 Bf8 16. h3 e5 17. Nf3 Bc6 18. Nd5 Nxd5 19. cxd5 Ba4 20. Qf5 f6 21.
Bd3 g6 22. Qg4 Qd7 23. Qxd7 Bxd7 24. Bc4 b5 25. Bb3 Bd6 26. Rfd1 a5 27. Bc2 Kf7
28. Ne1 Ke7 29. Nd3 Nxd3 30. Bxd3 Bb4 31. Kf1 Kd6 32. f4 Bc5 33. Ke2 exf4 34.
exf4 Rf8 35. Kf3 Rbe8 36. Be4 Rxe4 37. Kxe4 Re8+ 38. Kd3 Bf5+ 39. Kd2 Be3+ 40.
Kc3 Rc8+ 41. Kb3 Bxc1 42. Rxc1 Rxc1 43. Bxc1 Be4 44. g3 Bxd5+ 45. Kb2 Bg2 46.
h4 Kd5 47. Bd2 a4 48. a3 Ke4 49. Ba5 Kf3 50. Be1 f5 51. Kc2 Ke2 52. Bb4 Kf2 53.
Kd3 Kxg3 54. Ke3 Kxh4 55. Be1+ Kg4 56. Bd2 Bd5 57. Kf2 h6 58. Kg1 Kf3 59. Kf1
Bc4+ 60. Kg1 Kg4 61. Kf2 g5 62. fxg5 hxg5 63. Kg2 f4 64. Kf2 Kf5 65. Bc3 Ke4
66. Ba5 g4 67. Bc7 b4 68. axb4 a3 
0-1

[Event "NM for klubblag 2019"]
[Site "Scandic Ambassadeur, Drammen"]
[Date "2019.05.30"]
[Round "5"]
[White "Gonzalez, Francisco Silva"]
[Black "Haugsdal, Arn-Tore"]
[Result "1-0"]
[WhiteElo "2125"]
[BlackElo "1994"]
[PlyCount "77"]
[EventDate "2019.??.??"]

1. d4 c5 2. d5 Nf6 3. c4 b5 4. cxb5 a6 5. b6 e6 6. Nc3 Qxb6 7. e4 Bb7 8. Nf3 d6
9. Bc4 e5 10. O-O Nbd7 11. Nh4 g6 12. a4 Bg7 13. a5 Qd8 14. g3 O-O 15. Be2 Ne8
16. Be3 Nc7 17. Qd2 f5 18. exf5 gxf5 19. Bh6 Rb8 20. Bxg7 Kxg7 21. f4 e4 22.
Bc4 Qf6 23. Rad1 Ba8 24. Qe2 Rb4 25. Rf2 Rfb8 26. Nxe4 fxe4 27. Qg4+ Kh8 28.
Qxd7 Rxc4 29. Qxc7 Rg8 30. Ng2 Rd4 31. Ne3 Rxd1+ 32. Nxd1 Qd4 33. Nc3 e3 34.
Re2 Bxd5 35. Qe7 Bf3 36. Rxe3 Bc6 37. Ne2 Qxb2 38. Qxd6 Bb5 39. Re5 1-0

[Event "NM for klubblag 2019"]
[Site "Scandic Ambassadeur, Drammen"]
[Date "2019.05.30"]
[Round "5"]
[White "Birkestrand, Odd"]
[Black "Rishovd, Svein"]
[Result "0-1"]
[WhiteElo "1709"]
[BlackElo "2105"]
[PlyCount "80"]
[EventDate "2019.??.??"]

1. e4 g6 2. d4 Bg7 3. Nc3 d6 4. f4 a6 5. Nf3 b5 6. a3 Bb7 7. Be3 Nd7 8. Bd3 c5
9. Qd2 cxd4 10. Nxd4 Ngf6 11. O-O Ng4 12. Nde2 Nxe3 13. Qxe3 Qb6 14. Qxb6 Nxb6
15. Rad1 Rc8 16. Kh1 Nc4 17. Bxc4 Rxc4 18. Rd2 Bxe4 19. Nxe4 Rxe4 20. c3 Kd7
21. Rfd1 Rc8 22. g3 a5 23. Nd4 b4 24. axb4 axb4 25. cxb4 Bxd4 26. Rxd4 Rxd4 27.
Rxd4 Rc1+ 28. Kg2 Rc2+ 29. Kf3 Rxh2 30. b3 Rb2 31. Rd3 Rc2 32. Ke3 h5 33. Kd4
Kc6 34. Re3 e6 35. Kd3 Rf2 36. Kc4 h4 37. b5+ Kb6 38. Rd3 d5+ 39. Kb4 hxg3 40.
Rxg3 Rxf4+ 0-1

[Event "NM for klubblag 2019"]
[Site "Scandic Ambassadeur, Drammen"]
[Date "2019.05.30"]
[Round "5"]
[White "Nilsen, Tobias Lang"]
[Black "Birkestrand, Odd H"]
[Result "1-0"]
[WhiteElo "1986"]
[BlackElo "1609"]
[PlyCount "55"]
[EventDate "2019.??.??"]

1. e4 e5 2. Nf3 Nc6 3. Bb5 d6 4. d4 exd4 5. Nxd4 Bd7 6. O-O Be7 7. Nc3 a6 8.
Bc4 Nf6 9. a4 O-O 10. Bb3 Nxd4 11. Qxd4 Bc6 12. f4 Qc8 13. h3 Bd7 14. e5 Nh5
15. Qf2 g6 16. Nd5 Qd8 17. Nxe7+ Qxe7 18. Bd2 a5 19. Bc3 Be6 20. g4 Ng7 21. f5
gxf5 22. gxf5 Qg5+ 23. Kh2 Bxb3 24. cxb3 dxe5 25. f6 Qf4+ 26. Qxf4 exf4 27.
fxg7 Rfe8 28. Rfe1 1-0

[Event "NM for klubblag 2019"]
[Site "Scandic Ambassadeur, Drammen"]
[Date "2019.05.30"]
[Round "5"]
[White "Larsen, Kasper"]
[Black "Onstad, Lars"]
[Result "1/2-1/2"]
[WhiteElo "1208"]
[BlackElo "1870"]
[PlyCount "63"]
[EventDate "2019.??.??"]

1. e4 c6 2. d4 d5 3. Nc3 dxe4 4. Nxe4 Bf5 5. Ng3 Bg6 6. Nf3 Nd7 7. Be2 Ngf6 8.
O-O e6 9. c4 Be7 10. Ne5 Nxe5 11. dxe5 Qxd1 12. Rxd1 Nd7 13. Bf4 Rd8 14. Nf1
O-O 15. Rac1 Nc5 16. Be3 a5 17. Ng3 h6 18. b3 Nd7 19. f4 Nc5 20. Kf2 h5 21.
Rxd8 Rxd8 22. Rd1 Rxd1 23. Bxd1 h4 24. Nf1 Ne4+ 25. Ke1 Bb4+ 26. Nd2 Kf8 27.
Bf3 Nc3 28. a4 Bc2 29. g3 hxg3 30. hxg3 Nb1 31. Bd1 Bg6 32. Bf3 1/2-1/2

[Event "NM for klubblag 2019"]
[Site "Scandic Ambassadeur, Drammen"]
[Date "2019.05.30"]
[Round "5"]
[White "Krohg, Georg A"]
[Black "Aarnes, Eirik"]
[Result "1-0"]
[WhiteElo "1959"]
[BlackElo "1849"]
[PlyCount "77"]
[EventDate "2019.??.??"]

1. Nf3 d5 2. d4 Nf6 3. e3 Bf5 4. c4 c6 5. Nc3 e6 6. Nh4 Be4 7. f3 Bg6 8. Nxg6
hxg6 9. e4 dxe4 10. fxe4 Bb4 11. Qd3 Bxc3+ 12. bxc3 Qa5 13. Bd2 Nbd7 14. Be2
O-O-O 15. Qc2 e5 16. Rb1 Qc7 17. d5 Nc5 18. Bf3 Nfxe4 19. Bxe4 f5 20. Bxf5+
gxf5 21. Qxf5+ Qd7 22. O-O Qxf5 23. Rxf5 Ne4 24. Be1 Nd6 25. Rxe5 Nxc4 26. Re7
Rd7 27. Rxd7 Kxd7 28. Rxb7+ Kd6 29. dxc6 Kxc6 30. Rxg7 a5 31. Rg5 Rb8 32. h4
Rb1 33. Kf1 Rb2 34. h5 Kd6 35. h6 Rb7 36. Rg7 Rb5 37. g4 Rb2 38. h7 Ne3+ 39.
Kg1 1-0

[Event "NM for klubblag 2019"]
[Site "Scandic Ambassadeur, Drammen"]
[Date "2019.05.30"]
[Round "5"]
[White "Bernstein, Jonas August"]
[Black "Strand, Andreas"]
[Result "1-0"]
[WhiteElo "1766"]
[BlackElo "1920"]
[PlyCount "101"]
[EventDate "2019.??.??"]

1. d4 d5 2. c4 e6 3. Nc3 Be7 4. cxd5 exd5 5. Bf4 Nf6 6. e3 Bf5 7. Qb3 Qc8 8.
Nb5 Na6 9. a3 O-O 10. Nf3 Re8 11. Rc1 c5 12. dxc5 Nxc5 13. Qd1 Nfe4 14. b4 Qd8
15. bxc5 Qa5+ 16. Nd2 Rac8 17. f3 Nxc5 18. Kf2 Bd3 19. Rxc5 Bxf1 20. Rxc8 Rxc8
21. Rxf1 Qxb5 22. Qb3 Qa5 23. Rd1 g5 24. Be5 f6 25. Bd4 b6 26. a4 Bb4 27. Ne4
Kf7 28. Nxf6 Rc4 29. Ba1 Bc3 30. Rxd5 Be1+ 31. Kf1 Qxa4 32. Qxa4 Rxa4 33. Bd4
Bb4 34. Nxh7 Ke6 35. Re5+ Kd6 36. Nxg5 a5 37. Re6+ Kd5 38. Rxb6 Kc4 39. h4 Ra2
40. h5 Kd3 41. g4 Be7 42. Ne4 a4 43. Rc6 Bb4 44. h6 Rh2 45. Kg1 Rh4 46. Kg2 a3
47. Kg3 Be1+ 48. Nf2+ Bxf2+ 49. Kxf2 a2 50. Ra6 Rxh6 51. Rxh6 1-0

[Event "NM for klubblag 2019"]
[Site "Scandic Ambassadeur, Drammen"]
[Date "2019.05.30"]
[Round "5"]
[White "Tandberg, Gjermund"]
[Black "Grindbakken, Erik"]
[Result "1-0"]
[WhiteElo "1598"]
[BlackElo "1675"]
[PlyCount "87"]
[EventDate "2019.??.??"]

1. d4 e6 2. Nf3 d5 3. Bf4 c5 4. e3 Nc6 5. c3 Bd6 6. Bxd6 Qxd6 7. Be2 Nge7 8.
O-O O-O 9. Nbd2 cxd4 10. exd4 Bd7 11. Re1 Rfc8 12. Bd3 Ng6 13. Ng5 f6 14. Ngf3
Re8 15. Nf1 e5 16. dxe5 fxe5 17. Bc4 Be6 18. Ng5 Rad8 19. Bb3 Kh8 20. g3 Bg8
21. h4 Nf8 22. Ne3 h6 23. Nf3 e4 24. Nd4 Ne6 25. Qd2 Ne5 26. Nef5 Nxd4 27. Nxd4
Qf6 28. Bd1 Rf8 29. Rf1 Be6 30. Nxe6 Qxe6 31. Kg2 Rf6 32. Rc1 Rdf8 33. Qd4 Nd3
34. Rc2 Ne1+ 35. Rxe1 Qf7 36. Rf1 b6 37. Rd2 g5 38. hxg5 hxg5 39. Rh1+ Kg7 40.
Qe3 Rf5 41. Qd4+ Qf6 42. Qxf6+ R8xf6 43. Bb3 Rd6 44. Rhd1 1-0

[Event "NM for klubblag 2019"]
[Site "Scandic Ambassadeur, Drammen"]
[Date "2019.05.30"]
[Round "5"]
[White "Marosevic, Tomislav"]
[Black "Strand, Ingrid"]
[Result "1/2-1/2"]
[WhiteElo "1613"]
[BlackElo "1526"]
[PlyCount "105"]
[EventDate "2019.??.??"]

1. d4 d5 2. Nf3 Nf6 3. Bg5 e6 4. e3 Be7 5. Bd3 h6 6. Bh4 Nbd7 7. Nbd2 O-O 8.
O-O b6 9. c4 c5 10. cxd5 exd5 11. b3 Bb7 12. Re1 Ne4 13. Bxe7 Qxe7 14. Rc1 Rac8
15. h3 Qf6 16. dxc5 Nexc5 17. Bb1 Ne5 18. Nxe5 Qxe5 19. Nf3 Qf6 20. Nd4 Rfd8
21. Re2 Ne6 22. Rxc8 Bxc8 23. Nc6 Rd7 24. Qc2 g6 25. Qc1 Bb7 26. Rc2 d4 27.
Nxd4 Nxd4 28. exd4 Qxd4 29. Re2 Qd5 30. Be4 Qd1+ 31. Qxd1 Rxd1+ 32. Kh2 Bxe4
33. Rxe4 Rd2 34. Re8+ Kg7 35. a4 Rxf2 36. Re7 Rb2 37. Rxa7 Rxb3 38. Rb7 Rb4 39.
g3 Rxa4 40. Rxb6 Ra2+ 41. Kg1 g5 42. Rc6 Re2 43. Rb6 h5 44. Rc6 f6 45. Rc5 Kg6
46. Ra5 Rc2 47. Rb5 Rc3 48. Kg2 Rc2+ 49. Kg1 Re2 50. Ra5 Re5 51. Ra6 Kf5 52.
Kg2 Rb5 53. Ra4 1/2-1/2

[Event "NM for klubblag 2019"]
[Site "Scandic Ambassadeur, Drammen"]
[Date "2019.05.30"]
[Round "5"]
[White "Digernes, Magnus"]
[Black "Haug, Johannes"]
[Result "1/2-1/2"]
[WhiteElo "1970"]
[BlackElo "2438"]
[PlyCount "90"]
[EventDate "2019.??.??"]

1. e4 e5 2. Nf3 Nc6 3. Bc4 Bc5 4. c3 Nf6 5. d3 O-O 6. O-O d6 7. b4 Bb6 8. Nbd2
Ne7 9. Re1 Ng6 10. Nf1 c6 11. Bb3 Re8 12. Be3 d5 13. Ng3 h6 14. Qc1 Bc7 15. h3
Be6 16. Qc2 Qd7 17. Kh2 a6 18. a4 Rad8 19. Rad1 Qc8 20. c4 d4 21. Bd2 c5 22. a5
cxb4 23. Bxb4 Nf4 24. Ng1 Bd6 25. c5 Bf8 26. Ba4 Bd7 27. Nf5 g6 28. Nd6 Bxd6
29. cxd6 Bxa4 30. Qxa4 Ng4+ 31. Kg3 Nh5+ 32. Kf3 Nh2+ 33. Ke2 Nf4+ 34. Kd2 Nxg2
35. Rc1 Qe6 36. Rc7 Nxe1 37. Kxe1 Qf6 38. Re7 Rf8 39. d7 Qg5 40. Ne2 Nf3+ 41.
Kf1 Kh7 42. Re8 Rg8 43. Be7 Nh2+ 44. Ke1 Nf3+ 45. Kf1 Nh2+ 1/2-1/2

[Event "NM for klubblag 2019"]
[Site "Scandic Ambassadeur, Drammen"]
[Date "2019.05.30"]
[Round "5"]
[White "Tryggestad, Andreas G"]
[Black "Thrana, Svein Arne"]
[Result "1-0"]
[WhiteElo "2324"]
[BlackElo "1819"]
[PlyCount "31"]
[EventDate "2019.??.??"]

1. e4 c5 2. c3 Nc6 3. d4 cxd4 4. cxd4 d5 5. exd5 Qxd5 6. Nf3 Bg4 7. Nc3 Qa5 8.
d5 O-O-O 9. Bd2 Rxd5 10. Nxd5 Qxd5 11. Be2 e5 12. Bc3 Qxd1+ 13. Bxd1 f6 14.
Nxe5 Nxe5 15. Bxe5 Bxd1 16. Rc1+
1-0

[Event "NM for klubblag 2019"]
[Site "Scandic Ambassadeur, Drammen"]
[Date "2019.05.30"]
[Round "5"]
[White "Westrum, Kim Roger Hansen"]
[Black "Nordquelle, Daniel"]
[Result "0-1"]
[WhiteElo "1689"]
[BlackElo "2080"]
[PlyCount "48"]
[EventDate "2019.??.??"]

1. d4 d5 2. Bf4 e6 3. Nf3 b6 4. e3 Bb7 5. c3 Ne7 6. Bd3 Ng6 7. Bg3 Nd7 8. Nbd2
Nf6 9. h3 Bd6 10. Qa4+ c6 11. Bxd6 Qxd6 12. e4 Nf4 13. Bf1 dxe4 14. Ne5 O-O 15.
O-O-O c5 16. Ndc4 Qc7 17. dxc5 Qxc5 18. Nd6 Bd5 19. g3 Nd3+ 20. Nxd3 exd3 21.
Rg1 Qxd6 22. Bxd3 Qc6 23. Bb5 Qc5 24. g4 Qxf2
0-1

[Event "NM for klubblag 2019"]
[Site "Scandic Ambassadeur, Drammen"]
[Date "2019.05.30"]
[Round "5"]
[White "Huse, Sigurd KjelsbÃ¸l"]
[Black "Digernes, Mikael"]
[Result "1-0"]
[WhiteElo "2110"]
[BlackElo "1491"]
[PlyCount "89"]
[EventDate "2019.??.??"]

1. e4 c6 2. Nf3 d5 3. Nc3 dxe4 4. Nxe4 Nd7 5. Bc4 e6 6. O-O Ngf6 7. d3 Be7 8.
Re1 O-O 9. Qe2 Nb6 10. Bb3 Qc7 11. c4 Nxe4 12. Qxe4 c5 13. Bf4 Bd6 14. Bxd6
Qxd6 15. Rad1 Bd7 16. Ng5 f5 17. Qe5 Qe7 18. f4 Rae8 19. d4 h6 20. Nf3 cxd4 21.
Nxd4 Qf6 22. c5 Qxe5 23. Rxe5 Na4 24. Nxe6 Bxe6 25. Bxa4 Re7 26. Rde1 Kf7 27.
Bb3 Rfe8 28. Rxf5+ Kg6 29. Rfe5 Kf6 30. Ba4 Rd8 31. f5 Rd4 32. Rxe6+ Rxe6 33.
fxe6 Ke7 34. Bb3 Rf4 35. Rd1 Re4 36. Rd7+ Kf6 37. Rf7+ Kg5 38. Rxg7+ Kf6 39.
Rf7+ Kg5 40. Kf2 Re5 41. e7 Kg6 42. g4 a5 43. h4 h5 44. gxh5+ Kxh5 45. Ba4 1-0

[Event "NM for klubblag 2019"]
[Site "Scandic Ambassadeur, Drammen"]
[Date "2019.05.30"]
[Round "5"]
[White "Beitnes, Andreas RÃ¸berg"]
[Black "Sekkingstad, Thomas"]
[Result "1/2-1/2"]
[WhiteElo "1654"]
[BlackElo "1795"]
[PlyCount "100"]
[EventDate "2019.??.??"]

1. e4 c6 2. Nc3 d5 3. Nf3 Bg4 4. d4 dxe4 5. Nxe4 Bxf3 6. gxf3 Nf6 7. c3 Nbd7 8.
Qb3 Qb6 9. Bc4 e6 10. Bg5 Be7 11. O-O-O Qxb3 12. Nxf6+ Bxf6 13. Bxb3 Bxg5+ 14.
Kb1 O-O-O 15. h4 Bf6 16. f4 Nb6 17. f5 exf5 18. Bxf7 g6 19. h5 g5 20. Be6+ Kc7
21. Bxf5 Rdf8 22. Bg4 Nd5 23. f3 Nf4 24. Kc2 Re8 25. Rde1 h6 26. Re4 c5 27.
dxc5 Rxe4 28. fxe4 Re8 29. Re1 Kc6 30. b4 Rd8 31. e5 Be7 32. Bf3+ Kc7 33. Re3
a5 34. a4 axb4 35. cxb4 Rd4 36. Kc3 Ne6 37. Rd3 Rh4 38. Bxb7 Bxc5 39. bxc5 Nxc5
40. Rd6 Nxa4+ 41. Kd3 Nc5+ 42. Ke3 Rxh5 43. Rc6+ Kxb7 44. Rxc5 g4 45. Kf4 Rg5
46. Rc3 Rg7 47. e6 h5 48. Kg3 Kb6 49. Re3 Re7 50. Kh4 Kc6 1/2-1/2

[Event "NM for klubblag 2019"]
[Site "Scandic Ambassadeur, Drammen"]
[Date "2019.05.30"]
[Round "5"]
[White "Eriksen, Tom"]
[Black "Nordquelle, Amelia"]
[Result "0-1"]
[WhiteElo "1678"]
[BlackElo "1614"]
[PlyCount "85"]
[EventDate "2019.??.??"]

1. d4 d5 2. Bf4 Nf6 3. Nf3 c5 4. e3 Bf5 5. Nbd2 e6 6. Be2 Nc6 7. c3 Nh5 8. Bg5
f6 9. Bh4 g6 10. Ne5 Ng7 11. Nxc6 bxc6 12. g4 Be4 13. f3 g5 14. Bxg5 Bxf3 15.
Nxf3 fxg5 16. Ne5 Bd6 17. Qa4 O-O 18. Nf3 cxd4 19. Qxd4 Qe7 20. O-O-O e5 21.
Qa4 Rfc8 22. h4 e4 23. Nxg5 Bc5 24. Rd4 h6 25. Rxe4 Bxe3+ 26. Kc2 dxe4 27. Qc4+
Kh8 28. Nxe4 Re8 29. Bd3 Qe6 30. Qxe6 Rxe6 31. g5 Nh5 32. Rh3 Bb6 33. Rf3 Rae8
34. Nd2 Kg7 35. gxh6+ Kxh6 36. Rf7 Ng7 37. Nf3 Be3 38. Bc4 Rg6 39. Rc7 Rd6 40.
Bd3 Rf6 41. Ng5 Bxg5 42. hxg5+ Kxg5 43. Rxa7 0-1

[Event "NM for klubblag 2019"]
[Site "Scandic Ambassadeur, Drammen"]
[Date "2019.05.30"]
[Round "5"]
[White "Moen, Ole Christian"]
[Black "Abdrlauf, Elham"]
[Result "0-1"]
[WhiteElo "2237"]
[BlackElo "2231"]
[PlyCount "65"]
[EventDate "2019.??.??"]

1. e4 e6 2. d4 d5 3. e5 c5 4. c3 Nc6 5. Nf3 Qb6 6. Na3 cxd4 7. cxd4 Nge7 8. Nc2
Bd7 9. Bd3 Rc8 10. O-O Na5 11. b3 Bb5 12. Ba3 Bxd3 13. Qxd3 Nf5 14. Bxf8 Kxf8
15. Ne3 g6 16. Ng4 Kg7 17. Nf6 Nc6 18. Rad1 h5 19. Rd2 Nb4 20. Qb1 Rc3 21. Rc1
Rhc8 22. Rxc3 Rxc3 23. h3 Qc6 24. Kh2 b6 25. Qd1 h4 26. Ne1 Rc1 27. Qe2 Qc3 28.
a3 Qa1 29. g4 Rxe1 30. Qf3 Nxd4 31. Nh5+ Kf8 32. Rxd4 Qxd4 33. Qf6
0-1

[Event "NM for klubblag 2019"]
[Site "Scandic Ambassadeur, Drammen"]
[Date "2019.05.30"]
[Round "5"]
[White "Melaa, Sondre Lillestøl"]
[Black "Johnsen, Sylvia"]
[Result "1-0"]
[WhiteElo "2038"]
[BlackElo "1888"]
[PlyCount "111"]
[EventDate "2019.??.??"]

1. d4 d5 2. c4 e6 3. Nf3 Nf6 4. g3 b6 5. Bg2 Bb7 6. O-O Be7 7. cxd5 exd5 8. Nc3
O-O 9. Bf4 Ne4 10. Rc1 c5 11. dxc5 Bxc5 12. Nb5 Na6 13. a3 Kh8 14. b4 Be7 15.
Qd3 g5 16. Be5+ Bf6 17. Bxf6+ Qxf6 18. Nc7 Nxc7 19. Rxc7 Rab8 20. Qd4 Qxd4 21.
Nxd4 a5 22. Rfc1 axb4 23. axb4 Bc8 24. Re7 Nf6 25. Rcc7 Kg8 26. h3 Ra8 27. Rc6
Kg7 28. Rxb6 Rd8 29. Nf3 g4 30. Ne5 Rf8 31. hxg4 Ra1+ 32. Kh2 Bxg4 33. Rbb7 Bh5
34. Bf3 Bg6 35. b5 Rb1 36. b6 Rb5 37. Kg2 h6 38. g4 Rb4 39. Kg3 Ng8 40. Red7
Nf6 41. Rd6 Rb5 42. Rc7 Be4 43. Rxf6 Kxf6 44. Nd7+ Kg7 45. Nxf8 Kxf8 46. Bxe4
dxe4 47. b7 Kg7 48. Kf4 Rb4 49. Kf5 Rb5+ 50. Kxe4 Kf6 51. Kd4 Rb1 52. f4 Rb2
53. Kd5 Rd2+ 54. Kc6 Rc2+ 55. Kd7 Rd2+ 56. Kc8 
1-0

[Event "NM for klubblag 2019"]
[Site "Scandic Ambassadeur, Drammen"]
[Date "2019.05.30"]
[Round "5"]
[White "Edakina, Anastasia"]
[Black "Tunsjø, Axel"]
[Result "0-1"]
[WhiteElo "1697"]
[BlackElo "2002"]
[PlyCount "100"]
[EventDate "2019.??.??"]

1. e4 c5 2. g3 Nc6 3. Bg2 g6 4. d3 Bg7 5. Nc3 e6 6. Be3 d6 7. Nge2 Nge7 8. Qd2
Nd4 9. Nd1 O-O 10. c3 Nxe2 11. Qxe2 Nc6 12. O-O b6 13. f4 Ba6 14. Nf2 Rc8 15.
Qf3 Qe7 16. Rfd1 Rfd8 17. Rac1 Rc7 18. h4 Re8 19. h5 b5 20. g4 e5 21. f5 g5 22.
h6 Bxh6 23. f6 Qe6 24. Bh3 Kh8 25. Rf1 b4 26. c4 Bc8 27. Nh1 Rg8 28. Ng3 Rg6
29. Nh5 Nd8 30. Rf2 Qd7 31. Kh2 Ne6 32. Rg1 Nf4 33. Bc1 Qe6 34. Rg3 Rc6 35. b3
a5 36. Qd1 Ra6 37. a3 Bf8 38. a4 Rh6 39. Bxf4 exf4 40. Rgf3 Rxh5 41. gxh5 g4
42. Rxf4 g3+ 43. Kg1 gxf2+ 44. Rxf2 Qxh3 45. Qd2 Qxh5 46. Rh2 Bh6 47. Qe1 Qg5+
48. Rg2 Qe3+ 49. Qxe3 Bxe3+ 50. Kf1 Bh3 
0-1

[Event "NM for klubblag 2019"]
[Site "Scandic Ambassadeur, Drammen"]
[Date "2019.05.30"]
[Round "5"]
[White "Sidali, Elias Hulleberg"]
[Black "Mrachek, Svetlana"]
[Result "1-0"]
[WhiteElo "1953"]
[BlackElo "1586"]
[PlyCount "79"]
[EventDate "2019.??.??"]

1. e4 e6 2. d4 d5 3. Nd2 Nf6 4. e5 Nfd7 5. Ne2 c5 6. c3 Nc6 7. Nf3 Be7 8. g3
O-O 9. Bh3 b5 10. O-O Qb6 11. Be3 c4 12. b3 cxb3 13. axb3 a5 14. Nf4 Ba6 15.
Nxd5 exd5 16. Bxd7 b4 17. c4 Qc7 18. cxd5 Nxd4 19. Qxd4 Bxf1 20. d6 Bxd6 21.
Qxd6 Qxd6 22. exd6 Be2 23. Nd4 Rad8 24. Nxe2 Rxd7 25. Bc5 Ra8 26. Bxb4 Re8 27.
Rxa5 f6 28. Nd4 Kf7 29. Bc5 Re5 30. b4 Rd5 31. Nc6 Ke6 32. Ra7 R5xd6 33. Bxd6
Rxd6 34. b5 Kd5 35. Rxg7 Ke4 36. Rg4+ Kd5 37. Rd4+ Ke6 38. Rxd6+ Kxd6 39. Nd4
Kc7 40. Kg2
1-0